000 01009nam a2200265Ia 4500
003 OSt
005 20221005111424.0
006 a|||||r|||| 00| 0
007 ta
008 221004b |||||||| |||| 00| 0 hin d
020 _a8170557739 (hbk)
_c295
024 _a97570
037 _b567, 23/03/2009, Vani Prakashan
_cTextual
040 _aCRL
_cCRL
_bhin
041 _2hin
_ahin
082 _aNW440gY:1, 152P1
100 _aरज़ा, राही मासूम
245 0 _aसिनेमा और संस्कृति
246 _aSinemā aur sanskṛuti
260 _aनई दिल्ली
_bवाणी प्रकाशन भारत
_c2001
300 _a210पृ0
_ccm.
700 _a कुॅंवरपाल सिंह, संपा.
942 _hNW440gY:1, 152P1
_cTEXL
_2cc
999 _c1021798
_d1021798